Marvel Cinematic Universe Quotes - Statistics

General Stats
  • This quiz has been taken 3,829 times
  • The average score is 8 of 15
Answer Stats
Quote Answer % Correct
"Doth mother know you weareth her drapes?" Iron Man
97%
"I understood that reference" Captain America
92%
"He's adopted?" Thor
91%
"You and I remember Budapest very differently" Hawkeye
88%
"So unlike you brother, so clandestine" Loki
79%
"Nothing goes over my head, my reflexes are too fast I would catch it" Drax
69%
"Is the sun coming up? Then put it down on the left" Nick Fury
67%
"So what if its better than 11%" Rocket Raccoon
45%
"Its barely a concept" Gamora
40%
"I seem to do quite well for a stretch and then at the end of the sentence I say the wrong cranberry" Jarvis
29%
"Get ready for a large file transfer" Coulson
26%
"We have left humanity behind. Unlike you, I embrace it proudly" Red Skull
18%
"To challenge them is to court Death" The Other
16%
"Lanyards will be given on a case by case basis" Koenig
11%
"Put your arms down Kaminsky you look like a West Texas cheerleader at a pep rally" John Garrett
8%
No matching quizzes found
Score Distribution
Percent of People with Each Score
Percentile by Number Answered
Your Score History
You have not taken this quiz